000
00298nam a22001337a 4500
008
181022b xxu||||| |||| 00| 0 eng d
020
_a
9781285449425
041
_a
eng
080
_2
8th
_a
510
100
_a
36
101
_a
MAT
245
_a
Algebra& Trigonometry
_c
Aufmann,R.N
942
_2
udc
_c
BK
999
_c
50420
_d
50420